The libraries of King Henry VIII /

Bibliographic Details
Other Authors: Carley, James P.
Format: Book
Language:English
Published: London : The British Library in association with The British Academy, 2000.
Series:Corpus of British medieval library catalogues ; 7.
Subjects:

MARC

Tag First Indicator Second Indicator Subfields
LEADER 00000cam a2200000Ia 4500
001 in00001588024
005 20151022160956.0
008 000808s2000 enkaf bc 001 0 eng d
020 |a 0712346309 (hbk.) 
035 |a (OCoLC)ocm45020011 
040 |a EQO  |c EQO  |d IBV  |d NYP  |d TXA  |d UtOrBLW 
043 |a e-uk-en 
049 |a TXAM 
090 |a Z725.H45  |b L53 2000 
245 0 4 |a The libraries of King Henry VIII /  |c edited by James P. Carley. 
264 1 |a London :  |b The British Library in association with The British Academy,  |c 2000. 
300 |a xcii, 407 pages, 9 unnumbered pages of plates :  |b illustrations ;  |c 25 cm. 
336 |a text  |b txt  |2 rdacontent 
337 |a unmediated  |b n  |2 rdamedia 
338 |a volume  |b nc  |2 rdacarrier 
490 1 |a Corpus of British medieval library catalogues ;  |v 7 
504 |a Includes bibliographical references and indexes. 
505 2 |a List of books at Richmond Palace, February 1535 -- Inventory of books in the Upper Library at Westminster in 1542, with additions made shortly after Henry VIII's death -- Thomas Berthelet's account with Henry VIII. 1541-3 -- Select list of works noted by John Bale, c. 1548 -- Extracts from the post-mortem inventories of Henry VIII's palaces, 1547-50. 
600 0 0 |a Henry  |b VIII,  |c King of England,  |d 1491-1547  |x Library  |v Catalogs. 
650 0 |a Library catalogs  |z England. 
700 1 |a Carley, James P. 
830 0 |a Corpus of British medieval library catalogues ;  |v 7. 
948 |a cataloged  |b h  |c 2001/2/1  |d c  |e jspillan  |f 3:40:20 pm 
994 |a E0  |b TXA 
999 |a MARS 
999 f f |s 4aa6db66-2908-3cd0-9548-61e188937b66  |i 50db3b85-4ee9-351d-9059-5695331233e8  |t 0 
952 f f |p ric  |a Texas A&M University  |b Rellis Campus  |c Joint Library Facility  |d Remote Storage  |t 0  |e Z725.H45 L53 2000  |h Library of Congress classification  |i unmediated -- volume  |m A14827163559 
998 f f |a Z725.H45 L53 2000  |t 0  |l Remote Storage